Countries by Alphabet Placement #1 - Statistics

General Stats
  • This quiz has been taken 24 times
  • The average score is 14 of 15
Answer Stats
Letter Numbers Country % Correct
3/1/14/1/4/1 Canada
100%
3/8/9/12/5 Chile
100%
4/5/14/13/1/18/11 Denmark
100%
10/1/16/1/14 Japan
100%
11/5/14/25/1 Kenya
100%
3/21/2/1 Cuba
96%
14/15/18/20/8 11/15/18/5/1 North Korea
96%
2/18/1/26/9/12 Brazil
92%
5/7/25/16/20 Egypt
92%
9/18/5/12/1/14/4 Ireland
92%
16/1/14/1/13/1 Panama
92%
16/15/12/1/14/4 Poland
92%
21/7/1/14/4/1 Uganda
92%
22/9/5/20/14/1/13 Vietnam
92%
9/20/1/12/25 Italy
88%
No matching quizzes found
Score Distribution
Percent of People with Each Score
Percentile by Number Answered
Your Score History
You have not taken this quiz